000 00650nam a22002297a 4500
999 _c34093
_d34093
001 3426
003 CO-MdFUSB
005 20180622073136.0
008 171127t1992 sp ||||| |||| 00| 0 spa d
020 _a84-87940-27-6
040 _aCO-MdFUSB
_bspa
_cCO-MdFUSB
_dCO-MdFUSBC
_erda
041 0 _aspa
_heng
082 0 4 _aG 226.6 C6265i
100 1 _aClemensts, Roy
_eautor
245 3 _aLa Iglesia que Transformó el Mundo
_c / Roy Clements
264 4 _aBarcelona, España :
_b Andamio,
_c©1992
300 _a159 Pag
336 _2rdacontent
_atexto
_btxt
337 _2rdamedia
_asin mediación
_bn
338 _2rdacarrier
_avolumen
_bnc
942 _cBK